Statistics for A-Z of Drugs

Click here to take the quiz!

General Stats

  • This quiz has been taken 83 times
  • The average score is 5 of 25

Answer Stats

LetterIndicationDrug% Correct
IMild to moderate painIbuprofen
71%
OGERDOmeprazole
51%
SAsthmaSalbutamol
42%
QMalariaQuinine
40%
LHypertensionLisinopril
37%
FOedemaFurosemide
35%
WTransient ischaemic attackWarfarin
31%
DAtrial fibrillation or flutterDigoxin
23%
EAcneErythromycin
23%
GAnginaGlyceryl trinitrate
20%
KVaginal candidiasisKetoconazole
20%
HMotion sicknessHyoscine
18%
BModerate to severe painBuprenorphine
17%
CGonorrhoeaCiprofloxacin
15%
VSmoking cessationVarenicline
15%
NMyasthenia gravisNeostigmine
14%
MAndrogenic alopeciaMinoxidil
12%
UEmergency contraceptionUlipristal acetate
12%
RHIVRitonavir
11%
ANeuromuscular blockadeAtracurium
8%
ZInfluenzaZanamivir
8%
PEpilepsyPhenobarbital
6%
JJapanese encephalitisJapanese encephalitis vaccine
3%
TClostridium difficileTeicoplanin
3%
YYellow feverYellow fever vaccine
3%

Score Distribution

Percentile by Number Answered

Percent of People with Each Score

Your Score History

You have not taken this quiz